|
|
|
|
| LEADER |
01267nam a2200313 a 4500 |
| 001 |
c000351427 |
| 003 |
CARM |
| 005 |
20001003204938.0 |
| 008 |
710716s1971 wiu b 000 0 eng |
| 010 |
|
|
|a 70633897
|
| 019 |
1 |
|
|a 73767
|5 LACONCORD2021
|
| 035 |
|
|
|a (OCoLC)151255
|5 LACONCORD2021
|
| 040 |
|
|
|a LC
|b eng
|c LC
|d NUN
|
| 043 |
|
|
|a n-us---
|
| 050 |
0 |
0 |
|a LC1045
|b .V59
|
| 050 |
|
4 |
|a LC1045
|b .V6 1971
|
| 082 |
0 |
0 |
|a 373.2/46/0973
|
| 082 |
0 |
4 |
|a 373.2/46/0973
|
| 245 |
0 |
0 |
|a Vocational education: today and tomorrow.
|c Edited by Gerald G. Somers and J. Kenneth Little.
|
| 260 |
|
|
|a [Madison]
|b Center for Studies in Vocational and Technical Education, University of Wisconsin
|c [1971]
|
| 300 |
|
|
|a ix, 358 p.
|c 23 cm.
|
| 504 |
|
|
|a Includes bibliographical references.
|
| 650 |
|
0 |
|a Vocational education
|x United States.
|
| 700 |
1 |
|
|a Somers, Gerald George,
|e ed.
|
| 700 |
1 |
|
|a Little, J. Kenneth
|q (James Kenneth),
|d 1906-,
|e ed.
|
| 710 |
2 |
|
|a University of Wisconsin.
|b Center for Studies in Vocational and Technical Education
|
| 852 |
8 |
|
|b CARM
|h A1:AP23F0
|i B07834
|p 0350375
|f BK
|
| 999 |
f |
f |
|i 3fe7aeb4-3869-5006-9ee7-f65980c36aac
|s 3cbdfc66-2165-5626-b9e4-b32bff4c580e
|
| 952 |
f |
f |
|p Can circulate
|a CAVAL
|b CAVAL
|c CAVAL
|d CARM 1 Store
|e B07834
|f A1:AP23F0
|h Other scheme
|i book
|m 0350375
|